Θέματα ψυχολογίας

Αποθηκεύτηκε σε:
Λεπτομέρειες βιβλιογραφικής εγγραφής
Κύριος συγγραφέας: Τριανταφύλλου, Τριαντάφυλος Τ.
Μορφή: Βιβλίο
Γλώσσα:Greek
Δημοσίευση: Αθήνα : Ι. Φελέκης, 1979
Θέματα:
Ετικέτες: Προσθήκη ετικέτας
Δεν υπάρχουν, Καταχωρήστε ετικέτα πρώτοι!

MARC

LEADER 00000cam a2200000 i 4500
001 1/48129
008 040209s1979 gre d
035 |l 10072197 
040 |a GR-MY-UA  |b gre  |e aacr 
041 0 |a gre 
082 0 |a 150 
100 1 |a Τριανταφύλλου, Τριαντάφυλος Τ. 
245 1 0 |a Θέματα ψυχολογίας /  |c Τριάντ. Τ. Τριανταφύλλου 
260 |a Αθήνα :   |b Ι. Φελέκης,   |c 1979 
300 |a 240 σ., [τ.1] 
650 0 0 |a Psychology. 
852 |a INST  |b RHODES  |c AKA  |e 20040209  |h 150 ΤΡΙ  |p 005400019782  |q 005400019782  |t BK  |y 0 
901 |a BIBL4-2004-1 
909 |a Ρ  |b 105028 
970 |a ΚΟΥΛΑΚΙΟΤΗ  |b ΛΙΤΣΑ  |z 2004/02/09